GİZEMLİ KİTABIN İZİNDE (Kayıt no. 723722)
[ düz görünüm ]
| 000 -LEADER | |
|---|---|
| sabit uzunluktaki kontrol alanı | 00254nam a2200097Ia 4500 |
| 001 - KONTROL NUMARASI | |
| kontrol alanı | 723722 |
| 005 - EN SON İŞLEMİN TARİH VE ZAMANI | |
| kontrol alanı | 20250826163336.0 |
| 008 - SABİT-UZUNLUKTA VERİ ÖĞELERİ--GENEL BİLGİ | |
| sabit uzunluktaki kontrol alanı | 250824s9999 xx 000 0 und d |
| 245 #0 - ESER / YAZAR | |
| ESER ADI | GİZEMLİ KİTABIN İZİNDE |
| Yazar Adı | ADEM DÖNMEZ |
| 260 ## - YAYIN, DAĞITIM, VB. | |
| YAYIN EVİ | CARPE DİEM YAYINLARI |
| Düşüm durumu | Kayıp durumu | Hasar Durumu | Ödünç verilmez | Ana kütüphane | Geçerli Kütüphane | Edinilen tarih | Toplam ödünç verme sayısı | Barkod | Son görüntüleme tarihi | Son ödünç verme tarihi | Fiyatın geçerli olmaya başladığı tarih | Koha materyal türü |
|---|---|---|---|---|---|---|---|---|---|---|---|---|
| BORSA İSTANBUL ORTAOKULU | BORSA İSTANBUL ORTAOKULU | 24.08.2025 | 2 | 10312531 | 31.12.2025 | 05.12.2025 | 26.08.2025 | Kitaplar |